Statistiken für Lagerlogistik Flurförderzeuge Quiz

Klicken Sie hier um das Quiz zu spielen!

Allgemein

  • Dieses Quiz wurde 22 mal gespielt
  • Das Durchschnittsergebnis liegt bei 3 aus 9

Antwortstatistiken

Antwort% Korrekt
Containerstapler
67%
Schubmaststapler
50%
Dieselstapler
33%
Elektrohubwagen
33%
Frontgabelstapler
33%
Schlepper
33%
Schmalgangstapler
33%
Kommissionierstapler
17%
Mehrwegstapler
17%

Verteilung der Resultate

Perzentil nach korrekt beantworteten Fragen

Anzahl Personen mit jedem Resultat

Ihre Resultats-Entwicklung

Sie haben dieses Quiz noch nicht gespielt